<?xml version="1.0" encoding="UTF-8"?>
<record
    xmlns:xsi="http://www.w3.org/2001/XMLSchema-instance"
    xsi:schemaLocation="http://www.loc.gov/MARC21/slim http://www.loc.gov/standards/marcxml/schema/MARC21slim.xsd"
    xmlns="http://www.loc.gov/MARC21/slim">

  <leader>00604nas a22001697a 4500</leader>
  <controlfield tag="008">130626d19791998sp  |||| |||| 00| 0 spa d</controlfield>
  <datafield tag="022" ind1=" " ind2=" ">
    <subfield code="a">0210-556X</subfield>
  </datafield>
  <datafield tag="040" ind1=" " ind2=" ">
    <subfield code="a">CDMR</subfield>
  </datafield>
  <datafield tag="245" ind1="0" ind2="0">
    <subfield code="a">AEDE</subfield>
    <subfield code="b">: publicaci&#xF3;n de la Asociaci&#xF3;n de Editores de Diarios Espa&#xF1;oles</subfield>
  </datafield>
  <datafield tag="260" ind1=" " ind2=" ">
    <subfield code="a">Madrid</subfield>
    <subfield code="b"> Asociaci&#xF3;n de Editores de Diarios Espa&#xF1;oles</subfield>
    <subfield code="c">1979-1998</subfield>
  </datafield>
  <datafield tag="300" ind1=" " ind2=" ">
    <subfield code="a">n&#xFA;m.</subfield>
    <subfield code="b">il.</subfield>
    <subfield code="c">27 cm.</subfield>
  </datafield>
  <datafield tag="362" ind1=" " ind2=" ">
    <subfield code="a">N&#xFA;m. 1 (1979) - n&#xFA;m. 22 (1998)</subfield>
  </datafield>
  <datafield tag="650" ind1="0" ind2="4">
    <subfield code="9">2742</subfield>
    <subfield code="a">Premsa</subfield>
    <subfield code="z">Espanya</subfield>
    <subfield code="v">Revistes</subfield>
  </datafield>
  <datafield tag="650" ind1="0" ind2="4">
    <subfield code="9">3173</subfield>
    <subfield code="a">Periodisme</subfield>
    <subfield code="z">Espanya</subfield>
    <subfield code="v">Revistes</subfield>
  </datafield>
  <datafield tag="710" ind1="2" ind2=" ">
    <subfield code="9">1924</subfield>
    <subfield code="a">Asociaci&#xF3;n de Editores de Diarios Espa&#xF1;oles</subfield>
  </datafield>
  <datafield tag="942" ind1=" " ind2=" ">
    <subfield code="2">udc</subfield>
    <subfield code="c">SER</subfield>
    <subfield code="s">1</subfield>
  </datafield>
  <datafield tag="999" ind1=" " ind2=" ">
    <subfield code="c">6529</subfield>
    <subfield code="d">6529</subfield>
  </datafield>
  <datafield tag="952" ind1=" " ind2=" ">
    <subfield code="0">0</subfield>
    <subfield code="1">0</subfield>
    <subfield code="2">udc</subfield>
    <subfield code="4">0</subfield>
    <subfield code="7">0</subfield>
    <subfield code="a">CDMR</subfield>
    <subfield code="b">CDMR</subfield>
    <subfield code="d">2013-01-16</subfield>
    <subfield code="h">Extraordinario (1987)</subfield>
    <subfield code="l">0</subfield>
    <subfield code="p">CDMR13108503</subfield>
    <subfield code="r">2013-01-16</subfield>
    <subfield code="w">2013-01-16</subfield>
    <subfield code="y">SER</subfield>
    <subfield code="z">La prensa en Europa</subfield>
  </datafield>
  <datafield tag="952" ind1=" " ind2=" ">
    <subfield code="0">0</subfield>
    <subfield code="1">0</subfield>
    <subfield code="2">udc</subfield>
    <subfield code="4">0</subfield>
    <subfield code="7">0</subfield>
    <subfield code="a">CDMR</subfield>
    <subfield code="b">CDMR</subfield>
    <subfield code="d">2013-01-16</subfield>
    <subfield code="h">12 (1986)</subfield>
    <subfield code="l">0</subfield>
    <subfield code="p">CDMR13096934</subfield>
    <subfield code="r">2013-06-26</subfield>
    <subfield code="y">SER</subfield>
    <subfield code="z">Secreto profesional y cl&#xE1;usula de conciencia</subfield>
  </datafield>
  <datafield tag="952" ind1=" " ind2=" ">
    <subfield code="0">0</subfield>
    <subfield code="1">0</subfield>
    <subfield code="2">udc</subfield>
    <subfield code="4">0</subfield>
    <subfield code="7">0</subfield>
    <subfield code="a">CDMR</subfield>
    <subfield code="b">CDMR</subfield>
    <subfield code="d">2013-01-16</subfield>
    <subfield code="h">17 (1992)</subfield>
    <subfield code="l">0</subfield>
    <subfield code="p">CDMR13096935</subfield>
    <subfield code="r">2013-06-26</subfield>
    <subfield code="y">SER</subfield>
    <subfield code="z">La imagen en la prensa</subfield>
  </datafield>
  <datafield tag="952" ind1=" " ind2=" ">
    <subfield code="0">0</subfield>
    <subfield code="1">0</subfield>
    <subfield code="2">udc</subfield>
    <subfield code="4">0</subfield>
    <subfield code="7">0</subfield>
    <subfield code="a">CDMR</subfield>
    <subfield code="b">CDMR</subfield>
    <subfield code="d">2013-01-16</subfield>
    <subfield code="h">18 (1992)</subfield>
    <subfield code="l">0</subfield>
    <subfield code="p">CDMR13096936</subfield>
    <subfield code="r">2013-06-26</subfield>
    <subfield code="y">SER</subfield>
    <subfield code="z">El periodismo de habla espa&#xF1;ola</subfield>
  </datafield>
  <datafield tag="952" ind1=" " ind2=" ">
    <subfield code="0">0</subfield>
    <subfield code="1">0</subfield>
    <subfield code="2">udc</subfield>
    <subfield code="4">0</subfield>
    <subfield code="7">0</subfield>
    <subfield code="a">CDMR</subfield>
    <subfield code="b">CDMR</subfield>
    <subfield code="d">2013-01-16</subfield>
    <subfield code="h">21 (1996)</subfield>
    <subfield code="l">0</subfield>
    <subfield code="p">CDMR13096937</subfield>
    <subfield code="r">2013-06-26</subfield>
    <subfield code="y">SER</subfield>
    <subfield code="z">Libertad de prensa y nuevo C&#xF3;digo Penal</subfield>
  </datafield>
  <datafield tag="952" ind1=" " ind2=" ">
    <subfield code="0">0</subfield>
    <subfield code="1">0</subfield>
    <subfield code="2">udc</subfield>
    <subfield code="4">0</subfield>
    <subfield code="7">0</subfield>
    <subfield code="a">CDMR</subfield>
    <subfield code="b">CDMR</subfield>
    <subfield code="d">2013-01-16</subfield>
    <subfield code="h">19 (1993)</subfield>
    <subfield code="l">0</subfield>
    <subfield code="p">CDMR13096938</subfield>
    <subfield code="r">2013-06-26</subfield>
    <subfield code="y">SER</subfield>
    <subfield code="z">La prensa de Am&#xE9;rica en Madrid</subfield>
  </datafield>
  <datafield tag="952" ind1=" " ind2=" ">
    <subfield code="0">0</subfield>
    <subfield code="1">0</subfield>
    <subfield code="2">udc</subfield>
    <subfield code="4">0</subfield>
    <subfield code="7">0</subfield>
    <subfield code="a">CDMR</subfield>
    <subfield code="b">CDMR</subfield>
    <subfield code="d">2013-01-16</subfield>
    <subfield code="h">22 (1998)</subfield>
    <subfield code="l">0</subfield>
    <subfield code="p">CDMR13096939</subfield>
    <subfield code="r">2013-06-26</subfield>
    <subfield code="y">SER</subfield>
    <subfield code="z">La prensa en el arte</subfield>
  </datafield>
  <datafield tag="952" ind1=" " ind2=" ">
    <subfield code="0">0</subfield>
    <subfield code="1">0</subfield>
    <subfield code="2">udc</subfield>
    <subfield code="4">0</subfield>
    <subfield code="7">0</subfield>
    <subfield code="a">CDMR</subfield>
    <subfield code="b">CDMR</subfield>
    <subfield code="d">2013-01-16</subfield>
    <subfield code="h">16 (1991)</subfield>
    <subfield code="l">0</subfield>
    <subfield code="p">CDMR13096940</subfield>
    <subfield code="r">2013-06-26</subfield>
    <subfield code="y">SER</subfield>
    <subfield code="z">Prensa, intimidad y honor</subfield>
  </datafield>
  <datafield tag="952" ind1=" " ind2=" ">
    <subfield code="0">0</subfield>
    <subfield code="1">0</subfield>
    <subfield code="2">udc</subfield>
    <subfield code="4">0</subfield>
    <subfield code="7">0</subfield>
    <subfield code="a">CDMR</subfield>
    <subfield code="b">CDMR</subfield>
    <subfield code="d">2013-01-16</subfield>
    <subfield code="h">15 (1990)</subfield>
    <subfield code="l">0</subfield>
    <subfield code="p">CDMR13096941</subfield>
    <subfield code="r">2013-06-26</subfield>
    <subfield code="y">SER</subfield>
    <subfield code="z">El humor en la prensa</subfield>
  </datafield>
  <datafield tag="952" ind1=" " ind2=" ">
    <subfield code="0">0</subfield>
    <subfield code="1">0</subfield>
    <subfield code="2">udc</subfield>
    <subfield code="4">0</subfield>
    <subfield code="7">0</subfield>
    <subfield code="a">CDMR</subfield>
    <subfield code="b">CDMR</subfield>
    <subfield code="d">2013-01-16</subfield>
    <subfield code="h">14 (1989)</subfield>
    <subfield code="l">0</subfield>
    <subfield code="p">CDMR13096942</subfield>
    <subfield code="r">2013-06-26</subfield>
    <subfield code="y">SER</subfield>
    <subfield code="z">Diez a&#xF1;os de prensa en democracia</subfield>
  </datafield>
  <datafield tag="952" ind1=" " ind2=" ">
    <subfield code="0">0</subfield>
    <subfield code="1">0</subfield>
    <subfield code="2">udc</subfield>
    <subfield code="4">0</subfield>
    <subfield code="7">0</subfield>
    <subfield code="a">GIRONA</subfield>
    <subfield code="b">GIRONA</subfield>
    <subfield code="d">2015-07-22</subfield>
    <subfield code="h">2 (1979)</subfield>
    <subfield code="l">0</subfield>
    <subfield code="o">Ci 759</subfield>
    <subfield code="p">GIRONA15070129</subfield>
    <subfield code="r">2015-07-22</subfield>
    <subfield code="w">2015-07-22</subfield>
    <subfield code="y">SER</subfield>
  </datafield>
</record>
